The pleasure principle: Impulsivity overpowers condom use effficacy among men who have sex with men (MSM) / (Record no. 361465)
[ view plain ]
| 000 -LEADER | |
|---|---|
| fixed length control field | 00699nam a2200181Ia 4500 |
| 008 - FIXED-LENGTH DATA ELEMENTS--GENERAL INFORMATION | |
| fixed length control field | 190422s9999 xx 000 0 und d |
| 100 ## - MAIN ENTRY--PERSONAL NAME | |
| Personal name | Batara, Jame Bryan L |
| 245 #4 - TITLE STATEMENT | |
| Title | The pleasure principle: Impulsivity overpowers condom use effficacy among men who have sex with men (MSM) / |
| 245 ## - TITLE STATEMENT | |
| Statement of responsibility, etc | Jame Bryan L. Batara, Ma. Lourdes Cubil, Hanna Valerie Dy, Ruxan Faith Mapili and Kirstein Eloise Balderas.-- |
| 260 ## - PUBLICATION, DISTRIBUTION, ETC. (IMPRINT) | |
| Name of publisher, distributor, etc | Psychological Association of the Philippines |
| 260 ## - PUBLICATION, DISTRIBUTION, ETC. (IMPRINT) | |
| Date of publication, distribution, etc | 2017 |
| 300 ## - PHYSICAL DESCRIPTION | |
| Extent | pages 97-113, December 2017 |
| 440 ## - SERIES STATEMENT/ADDED ENTRY--TITLE | |
| Title | Philippine Journal of Psychology |
| Volume number/sequential designation | 50(2) |
| 650 ## - SUBJECT ADDED ENTRY--TOPICAL TERM | |
| Topical term or geographic name as entry element | Condom use Efficacy |
| 650 ## - SUBJECT ADDED ENTRY--TOPICAL TERM | |
| Topical term or geographic name as entry element | Impulsivity |
| 650 ## - SUBJECT ADDED ENTRY--TOPICAL TERM | |
| Topical term or geographic name as entry element | Risky Sex |
| 650 ## - SUBJECT ADDED ENTRY--TOPICAL TERM | |
| Topical term or geographic name as entry element | Self-Efficacy |
No items available.